Psicología con aplicaciones en los países de habla hispana/ (Registro nro. 9341)
[ vista simple ]
| 000 -LEADER | |
|---|---|
| fixed length control field | 01012nam a2200217Ia 4500 |
| 005 - FECHA Y HORA DE LA ÚLTIMA TRANSACCIÓN | |
| control field | 20230916093702.0 |
| 008 - FIXED-LENGTH DATA ELEMENTS--GENERAL INFORMATION | |
| fixed length control field | 230912s9999 xx 000 0 und d |
| 020 ## - INTERNATIONAL STANDARD BOOK NUMBER | |
| International Standard Book Number | 9701029135 |
| 040 ## - CATALOGING SOURCE | |
| Original cataloging agency | UPAN |
| Transcribing agency | Biblioteca San Vicente |
| Description conventions | RCAA2 |
| 041 ## - LANGUAGE CODE | |
| Language code of text/sound track or separate title | spa |
| 082 ## - DEWEY DECIMAL CLASSIFICATION NUMBER | |
| Classification number | 150 |
| Item number | F453p |
| año de publicación | 2002 |
| 100 ## - MAIN ENTRY--PERSONAL NAME | |
| Personal name | Feldman, Robert S. |
| Relator code | aut. |
| 245 #0 - TITLE STATEMENT | |
| Title | Psicología con aplicaciones en los países de habla hispana/ |
| Remainder of title | Robert S. Feldman |
| 250 ## - EDITION STATEMENT | |
| Edition statement | 4ª ed. |
| 260 ## - PUBLICATION, DISTRIBUTION, ETC. (IMPRINT) | |
| Place of publication, distribution, etc | México.: |
| Name of publisher, distributor, etc | McGraw Hill, |
| Date of publication, distribution, etc | 2002 |
| 300 ## - PHYSICAL DESCRIPTION | |
| Extent | 759 p.; |
| Dimensions | 27 cm |
| 505 ## - FORMATTED CONTENTS NOTE | |
| Formatted contents note | 1. Introducción a la psicología<br/>2. Bases biológicas del comportamiento<br/>3. Sensación y percepción <br/>4. Estados de conciencia <br/>5. Aprendizaje<br/>6. Memoria <br/>7. Cognición y lenguaje<br/>8. Inteligencia<br/>9. Motivación y emoción<br/>10. Desarrollo<br/>11. Personalidad <br/>12. Trastornos psicológicos<br/>13. Tratamiento de los trastornos psicológicos <br/>14. Psicología social |
| 650 ## - SUBJECT ADDED ENTRY--TOPICAL TERM | |
| Source of heading or term | LEMB |
| Topical term or geographic name as entry element | Hispánica |
| General subdivision | Psicología |
| 700 ## - ADDED ENTRY--PERSONAL NAME | |
| Personal name | Jorge Alberto Velázquez |
| Relator code | tr. |
| 942 ## - ADDED ENTRY ELEMENTS (KOHA) | |
| Koha item type | Libros |
| Source of classification or shelving scheme | Dewey Decimal Classification |
| Withdrawn status | Lost status | Source of classification or shelving scheme | Damaged status | Not for loan | Collection code | Home library | Current library | Date acquired | Total Checkouts | Full call number | Barcode | Date last seen | Copy number | Price effective from | Koha item type |
|---|---|---|---|---|---|---|---|---|---|---|---|---|---|---|---|
| Dewey Decimal Classification | Colección General | Biblioteca UPAN San Vicente | Biblioteca UPAN San Vicente | 12/09/2023 | 150 F453p | 12000115 | 12/09/2023 | 01 | 12/09/2023 | Libros |